000 00860nam a2200277 a 4500
008
020 _a073292944x (pbk)
049 _aMAIN
090 _aPN1995MCM
100 1 _aMcMahon, Barrie.
245 1 0 _aReal images :
_bfilm & television /
_cBarrie McMahon & Robyn Quin.
260 _aSouth Melbourne :
_bThe Macmillan Company of Australia,
_c1995.
300 _a262 p. :
_bill., facsims., ports. ;
_c25 cm.
504 _aIncludes bibliographical references.
500 _aIncludes index.
650 0 _aFilm criticism.
650 0 _aTelevision criticism.
653 _aCinema films
_aCriticism.
653 _aTelevison programes
_aCriticism.
700 1 _aQuin, Robyn.
907 _a.b10198118
_b07-04-06
_c06-04-06
003
005 20230123134205.0
040 _cNUST
942 _cBOOKS
_kPN1995MCM
999 _c161604
_d161604